| 000 | 00458nam a22001577a 4500 | ||
|---|---|---|---|
| 999 |
_c3533 _d3533 |
||
| 008 | 200617b ||||| |||| 00| 0 eng d | ||
| 082 | 0 | 0 |
_a669.05 _bH6361 |
| 100 |
_9826 _aHiggins, Raymond A. |
||
| 245 | 1 | 0 |
_aEngineering metallurgy: metallurgical process technology, Part -1 _cby Higgins, Raymond A. |
| 250 | _a1st ed. | ||
| 260 |
_aLondon _bEnglish Universities Press _c1957 |
||
| 300 | _axii,467p. | ||
| 365 | _d18.65 | ||
| 650 | 0 | _aMetallurgy | |
| 942 | _cBK | ||